Picture Quiz - Birds 1 - Statistics

General Stats
  • This quiz has been taken 16 times
  • The average score is 9 of 16
Answer Stats
Picture Answer % Correct
American robin
91%
Mute swan
91%
Peregrine falcon
91%
Rock pigeon
91%
Pileated woodpecker
82%
Toco toucan
73%
Blue-footed booby
64%
Common kingfisher
64%
White-backed vulture
64%
Grey parrot
55%
Southern cassowary
36%
Barn owl
27%
Royal spoonbill
27%
Sandhill crane
18%
Great cormorant
9%
Great tit
9%
No matching quizzes found
Score Distribution
Percent of People with Each Score
Percentile by Number Answered
Your Score History
You have not taken this quiz